|
|
|
|
| LEADER |
00894nam a22002657a 4500 |
| 001 |
AAL8341 |
| 003 |
BD-DhAAL |
| 005 |
20160424144550.0 |
| 008 |
141018b20051999enk||||| b||| 00| 0 eng d |
| 020 |
|
|
|a 8176060321
|
| 020 |
|
|
|a 9788176060325
|
| 020 |
|
|
|a 9780749399467
|
| 040 |
|
|
|a BD-DhAAL
|c BD-DhAAL
|
| 082 |
|
|
|2 22
|a 823.8
|
| 100 |
|
|
|a Maupassant, Guy De
|9 19232
|
| 245 |
|
|
|a The complete short stories /
|c Guy De Maupassant
|
| 260 |
|
|
|a Kalkata :
|b Projapoti,
|c 2010
|
| 300 |
|
|
|a 494 p. ;
|c 22 cm.
|
| 504 |
|
|
|a Includes bibliographical references (p. 461-486)
|
| 541 |
|
|
|e 8341
|
| 650 |
|
|
|a Short stories
|9 5661
|
| 852 |
|
|
|a Ayesha Abed Library, Savar Campus
|c General Stacks
|
| 942 |
|
|
|2 ddc
|c BK
|
| 999 |
|
|
|c 37476
|d 37476
|
| 952 |
|
|
|0 0
|1 0
|2 ddc
|4 0
|6 823_800000000000000_MAU
|7 0
|9 58836
|a SCL
|b SCL
|c GEN
|d 2016-04-24
|g 280.00
|l 7
|m 30
|o 823.8 MAU
|p 3020008341
|r 2025-04-15
|s 2022-04-13
|t 1
|w 2016-04-24
|y BK
|